Egykori és mai Duna utcások közös ünnepe az elmúlt 50 évre emlékezett a Pozsonyi Magyar Tannyelvű Alapiskola és Gimnázium

Bibliographic Details
Main Author: Csanaky, Eleonóra, 1958- (Author)
Format: Article
Language:Hungarian
PhysicalDescription:Fotogr.
Subjects:

MARC

LEADER 00000nab a2200000 a 4500
001 vtls000725977
003 SK-MaSNL
005 20260318124410.0
008 160405c2000 xo 0 hun
015 |a SNBRB2000/06-17587 
035 |a CLN000078137 
040 |a SNKBUCL  |b slo  |c SNKBUCL  |e AACR2 
041 0 |a hun 
044 |a xo  |c SK 
080 |a 373.3+373.54(437.6=945.11):061.75  |2 1997 
080 |a 373.54(437.6=945.11)  |2 1997 
100 1 |a Csanaky, Eleonóra,  |d 1958-  |4 aut  |9 58807 
245 1 0 |a Egykori és mai Duna utcások közös ünnepe  |b az elmúlt 50 évre emlékezett a Pozsonyi Magyar Tannyelvű Alapiskola és Gimnázium  |c Csanaky Eleonóra 
300 |b Fotogr. 
610 2 7 |a Základná škola a Gymnázium s vyučovacím jazykom maďarským, Dunajská ul. (Bratislava, Slovensko)  |2 snkbucl  |9 231877 
651 7 |a Bratislava (Slovensko)  |2 snkbucl  |9 14568 
655 7 |a články z novín a časopisov  |2 snkbucl  |9 267496 
773 0 |t Szabad újság  |g Roč. 8, č. 19 (2000), s. 9 
850 |a Slovenská národná knižnica v Martine 
852 |a SNK  |b KIS3GCP 
958 |a HU 
958 |a SK 
958 |a RBX 
999 |c 2549490  |d 2551420